000 02308cam a2200637 i 4500
001 5172
003 KOSZ 005
005 20250724063751.0
008 250723s1987 pl a f 000 0 pol
015 _aUWD 1987/4169
015 _aPB 4169/87
020 _a8321333265
_q(całość)
020 _a8321333273
_q(tom 1)
035 _a991007467799705066
035 _a(PL-WaBN)b11937701-48omnis_nlop
035 _ab11937701
035 _a(OCoLC)830213152
035 _axx002178768
035 _a(PL)b0000001193770
035 _a(EXLNZ-48OMNIS_NETWORK)9910148709605606
040 _aWA N
_cWA N
_dKOSZ 005/RW
046 _k1987
080 _a666.1/.2
080 _a(07)
245 0 0 _aTechnologia szkła :
_bpraca zbiorowa.
_nT. 1 /
_ckierownik zespołu autorskiego Bolesław Ziemba ; autorzy Mieczysław Dziura [et al.].
250 _aWydanie 3 całkowicie zmienione.
260 _aWarszawa :
_b"Arkady",
_c1987.
300 _a547, [1] stron :
_bfotografie, rysunki, wykresy ;
_c25 cm.
336 _aTekst
_btxt
_2rdacontent
337 _aBez urządzenia pośredniczącego
_bn
_2rdamedia
338 _aWolumin
_bnc
_2rdacarrier
380 _aKsiążki
380 _aPublikacje dydaktyczne
385 _mPoziom nauczania
_aSzkoły wyższe
388 1 _a1901-2000
388 1 _a1945-1989
504 _aBibliografia przy rozdziałach.
521 8 _aKsiążka przeznaczona jest dla studentów wyższych uczelni technicznych oraz dla inżynierów i techników przemysłu szklarskiego.
650 7 _aSzkło
_2DBN
650 7 _aTechnologia
_2DBN
655 7 _aPodręcznik
658 _aInżynieria i technika
700 1 _aDziura, Mieczysław
_eAutor
700 1 _aHilgertner, Alojzy
_eAutor
700 1 _aJabłkowski, Janusz
_eAutor
700 1 _aJowanowicz, Anna
_eAutor
700 1 _aKarkosza, Adam
_eAutor
700 1 _aStoch, Zofia
_eAutor
700 1 _aUnisławski, Edmund
_eAutor
700 1 _aWerstler, Józef
_eAutor
700 1 _aZiemba, Bolesław
_d(1929- )
_eAutor
_eRedakcja
710 2 _aWydawnictwo Arkady
_4pbl
856 _uhttps://koha.tu.koszalin.pl/cgi-bin/koha/opac-detail.pl?biblionumber=5172
_yKatalog online BPK
942 _2UKD
_cKS
999 _c5172
_d5172